| 000 | 00931nam a22003137a 4500 | ||
|---|---|---|---|
| 001 | 0005773 | ||
| 003 | KOHA_MİRAKIL | ||
| 005 | 20260207001457.0 | ||
| 007 | ta | ||
| 008 | 090603b1994 tu |||gr||||#||||0|tur | | ||
| 020 | _a9754703914 | ||
| 040 |
_aTR-BiSEU _btur _cTR-BiSEU _erda |
||
| 041 | 0 | _atur | |
| 044 | _ctu | ||
| 050 |
_aDF757 _b.M55 1994 |
||
| 100 | 1 | _aMillas, Herkül. | |
| 245 | 1 |
_aYunan ulusunun doğuşu/ _cHerkül Millas ; Herkül Millas. |
|
| 264 | 1 |
_aİstanbul : _bİletişim Yayınları _c1994 |
|
| 300 | _a408 sayfa | ||
| 336 |
_ametin _btxt _2rdacontent |
||
| 337 |
_aaracısız _bn _2rdamedia |
||
| 338 |
_acilt _bnc _2rdacarrier |
||
| 490 | 1 |
_aİletişim yayınları ; _v280. |
|
| 490 | 1 |
_aAraştırma-İnceleme dizisi ; _v46. |
|
| 500 | _aKaynakça ve dizin var. | ||
| 830 | 1 |
_aİletişim yayınları ; _v280. _92528 |
|
| 830 | 1 |
_aAraştırma-İnceleme dizisi ; _v46. _914008 |
|
| 942 |
_2lcc _cBK |
||
| 999 |
_c5754 _d5754 |
||